<?xml version="1.0" encoding="UTF-8"?>
<record
    xmlns:xsi="http://www.w3.org/2001/XMLSchema-instance"
    xsi:schemaLocation="http://www.loc.gov/MARC21/slim http://www.loc.gov/standards/marcxml/schema/MARC21slim.xsd"
    xmlns="http://www.loc.gov/MARC21/slim">

  <leader>00953nam a22002297a 4500</leader>
  <controlfield tag="003">3228</controlfield>
  <controlfield tag="005">20240918132418.0</controlfield>
  <controlfield tag="008">240828b        sa ||||| |||| 00| 0 eng d</controlfield>
  <datafield tag="020" ind1=" " ind2=" ">
    <subfield code="a">9781868 915323</subfield>
    <subfield code="q">Paperback</subfield>
  </datafield>
  <datafield tag="040" ind1=" " ind2=" ">
    <subfield code="a">RDA</subfield>
    <subfield code="b">English</subfield>
    <subfield code="c">3228</subfield>
  </datafield>
  <datafield tag="082" ind1=" " ind2=" ">
    <subfield code="a">ST 510 SWA</subfield>
  </datafield>
  <datafield tag="100" ind1=" " ind2=" ">
    <subfield code="a">Swart, Derek</subfield>
  </datafield>
  <datafield tag="245" ind1=" " ind2=" ">
    <subfield code="a">Mathematical Literacy. Grade:</subfield>
    <subfield code="b"> Grade 12</subfield>
    <subfield code="c"> Derek Swart, Sabet van der Westhuizen, Laetitia Botha, Lenore Hammond, Awie Badenhorst, Kim van Besouw, Sharon Mayers and Sheryl Aldridge, Fresh Identity, Lisa von Brandis and Mckore Graphics, Mckore Graphics</subfield>
  </datafield>
  <datafield tag="260" ind1=" " ind2=" ">
    <subfield code="a"> Cape Town :</subfield>
    <subfield code="b">Maskew Miller Longman, </subfield>
    <subfield code="c"> 2008.</subfield>
  </datafield>
  <datafield tag="300" ind1=" " ind2=" ">
    <subfield code="a"> viii, 177 pages</subfield>
    <subfield code="b">colour illustrations, map</subfield>
    <subfield code="c"> 30 cm</subfield>
  </datafield>
  <datafield tag="490" ind1=" " ind2=" ">
    <subfield code="a">X-kit : the definitive exam preparation kit  X-kit.</subfield>
    <subfield code="x">9781868 915323</subfield>
  </datafield>
  <datafield tag="500" ind1=" " ind2=" ">
    <subfield code="a">"FET PHASE"--Cover.</subfield>
  </datafield>
  <datafield tag="504" ind1=" " ind2=" ">
    <subfield code="a">Bibliography and Index not included
</subfield>
  </datafield>
  <datafield tag="521" ind1=" " ind2=" ">
    <subfield code="a">Kids</subfield>
  </datafield>
  <datafield tag="700" ind1=" " ind2=" ">
    <subfield code="a">Badenhorst, Awie</subfield>
    <subfield code="9">188407</subfield>
  </datafield>
  <datafield tag="942" ind1=" " ind2=" ">
    <subfield code="2">ddc</subfield>
    <subfield code="c">JOURNAL </subfield>
    <subfield code="y">12663</subfield>
    <subfield code="z">Priscilla Nozizwe Mogale</subfield>
  </datafield>
  <datafield tag="999" ind1=" " ind2=" ">
    <subfield code="c">766804</subfield>
    <subfield code="d">766803</subfield>
  </datafield>
  <datafield tag="952" ind1=" " ind2=" ">
    <subfield code="0">0</subfield>
    <subfield code="1">0</subfield>
    <subfield code="2">ddc</subfield>
    <subfield code="4">0</subfield>
    <subfield code="7">0</subfield>
    <subfield code="8">500</subfield>
    <subfield code="a">MKHUL</subfield>
    <subfield code="b">MKHUL</subfield>
    <subfield code="c">REF</subfield>
    <subfield code="d">2024-09-18</subfield>
    <subfield code="g">85.00</subfield>
    <subfield code="l">0</subfield>
    <subfield code="o">ST 510 SWA</subfield>
    <subfield code="p">33228 022887713</subfield>
    <subfield code="r">2024-09-18</subfield>
    <subfield code="w">2024-09-18</subfield>
    <subfield code="y">JOURNAL </subfield>
  </datafield>
</record>
